00739 2200277 4500001002100000005001500021035002000036007000300056008004100059020002200100040001700122082001400139084001600153090002000169090002100189100001900210245004900229260003500278300003500313650001800348850001200366041000800378504003300386990002100419990002100440INLIS00000000084446620191206015552 a0010-0219000060ta190226s2018 yoia g ind d a978-602-5759-12-3 aYOPDYOGbind04223a551.3 a551.3 MUL p aDEP 551.3 MUL p aCB-D.11 2018-8320 aMulyanto, H.R.00aPengelolaan sedimen terpadu /cH.R. Mulyanto3 aYogyakarta :bTeknosain,c2018 axi, 146 hlm. :bilus. ;c24 cm 4aSedimentologi aYOPDYOG aind aBibliografi : hlm. [145]-146 aCB-D.11/2018-832 aCB-D.11/2018-832